From margin to mainstream : the social progress of black Americans /

Bibliographic Details
Main Author: Fisher, Sethard
Format: Book
Language:English
Published: New York, N.Y. : Praeger, 1982.
Subjects:

MARC

Tag First Indicator Second Indicator Subfields
LEADER 00000pam a2200000 a 4500
001 in00000086352
005 20151008062655.0
008 810813s1982 nyua b 00110 eng
010 |a  81013852  
020 |a 0030599687 :  |c $20.95 
035 |a (OCoLC)07733903 
035 |9 AAK0712AM 
039 0 |a 2  |b 3  |c 3  |d 3  |e 3 
040 |a DLC  |c DLC  |d TXA  |d UtOrBLW 
043 |a n-us--- 
049 |a TXAM  |c [1633213] 
050 0 0 |a E185.615  |b  F53 1982 
082 0 |a 305.8/96073  |2 19 
100 1 |a Fisher, Sethard. 
245 1 0 |a From margin to mainstream :  |b the social progress of black Americans /  |c Sethard Fisher. 
264 1 |a New York, N.Y. :  |b Praeger,  |c 1982. 
300 |a xi, 175 pages :  |b illustrations ;  |c 24 cm. 
336 |a text  |b txt  |2 rdacontent 
337 |a unmediated  |b n  |2 rdamedia 
338 |a volume  |b nc  |2 rdacarrier 
504 |a Includes bibliographical references and index. 
650 0 |a African Americans  |x Civil rights. 
650 0 |a African Americans  |x Social conditions  |y 1975- 
650 0 |a African Americans  |x Social conditions  |y 1964-1975. 
651 0 |a United States  |x Race relations. 
999 |a MARS 
999 f f |s d155e76f-1d6a-3a77-9383-03082d9c7f1c  |i cd459610-f12a-3183-a4ed-7bd777422546  |t 0 
952 f f |p ric  |a Texas A&M University  |b Rellis Campus  |c Joint Library Facility  |d Remote Storage  |t 0  |e E185.615 F53 1982  |h Library of Congress classification  |i unmediated -- volume  |m A14805958093 
998 f f |a E185.615 F53 1982  |t 0  |l Remote Storage